Los científicos, la carrera armamentista y el desarme (Record no. 2636)

MARC details
000 -LEADER
campo de control de longitud fija 01375nmc a2200481 a 4500
003 - IDENTIFICADOR DE NÚMERO DE CONTROL
campo de control AR-BaBNM
005 - FECHA Y HORA DE LA ÚLTIMA TRANSACCIÓN
campo de control 20251128203251.0
008 - DATOS DE LONGITUD FIJA--INFORMACIÓN GENERAL
campo de control de longitud fija 011101s1984 ||||||||||||||000 | spa||
020 ## - NÚMERO INTERNACIONAL ESTÁNDAR DEL LIBRO
Número Internacional Estándar del Libro 84-85800-82-6
040 ## - FUENTE DE CATALOGACIÓN
Centro/agencia transcriptor AR-BaBNM
245 10 - MENCIÓN DEL TÍTULO
Título Los científicos, la carrera armamentista y el desarme
250 ## - MENCION DE EDICION
Mención de edición 1ª ed.
260 ## - PUBLICACIÓN, DISTRIBUCIÓN, ETC.
Lugar de publicación, distribución, etc. Barcelona
Nombre del editor, distribuidor, etc. Serbal
-- Unesco
Fecha de publicación, distribución, etc. 1984
300 0# - DESCRIPCIÓN FÍSICA
Extensión 400 p.
490 #0 - MENCIÓN DE SERIE
Mención de serie Libros del tiempo
Designación de volumen o secuencia v. 21
500 0# - NOTA GENERAL
Nota general Apéndice: manifiesto Russell-Einstein: p. 373-376
504 ## - NOTA DE BIBLIOGRAFÍA, ETC.
Nota de bibliografía, etc. Nota Contiene bibliografía al final de cada capítulo
650 #4 - PUNTO DE ACCESO ADICIONAL DE MATERIA--TÉRMINO DE MATERIA
Término de materia o nombre geográfico como elemento de entrada POLITICA INTERNACIONAL
650 #4 - PUNTO DE ACCESO ADICIONAL DE MATERIA--TÉRMINO DE MATERIA
Término de materia o nombre geográfico como elemento de entrada RELACIONES INTERNACIONALES
650 #4 - PUNTO DE ACCESO ADICIONAL DE MATERIA--TÉRMINO DE MATERIA
Término de materia o nombre geográfico como elemento de entrada DESARME
650 #4 - PUNTO DE ACCESO ADICIONAL DE MATERIA--TÉRMINO DE MATERIA
Término de materia o nombre geográfico como elemento de entrada ARMAMENTO
650 #4 - PUNTO DE ACCESO ADICIONAL DE MATERIA--TÉRMINO DE MATERIA
Término de materia o nombre geográfico como elemento de entrada TRATADOS INTERNACIONALES
650 #4 - PUNTO DE ACCESO ADICIONAL DE MATERIA--TÉRMINO DE MATERIA
Término de materia o nombre geográfico como elemento de entrada ORGANIZACIONES INTERNACIONALES
650 #4 - PUNTO DE ACCESO ADICIONAL DE MATERIA--TÉRMINO DE MATERIA
Término de materia o nombre geográfico como elemento de entrada CIENTIFICOS
650 #4 - PUNTO DE ACCESO ADICIONAL DE MATERIA--TÉRMINO DE MATERIA
Término de materia o nombre geográfico como elemento de entrada ARMAS NUCLEARES
650 #4 - PUNTO DE ACCESO ADICIONAL DE MATERIA--TÉRMINO DE MATERIA
Término de materia o nombre geográfico como elemento de entrada DESARROLLO CIENTIFICO
700 1# - ENTRADA AGREGADA--NOMBRE PERSONAL
Nombre de persona Rotblat, Joseph
Término indicativo de función/relación editor
700 1# - ENTRADA AGREGADA--NOMBRE PERSONAL
Nombre de persona Adeniji, Olu
700 1# - ENTRADA AGREGADA--NOMBRE PERSONAL
Nombre de persona Broda, Engelhert
700 1# - ENTRADA AGREGADA--NOMBRE PERSONAL
Nombre de persona Calogero, Francesco
700 1# - ENTRADA AGREGADA--NOMBRE PERSONAL
Nombre de persona Emelyanov, Vasily
700 1# - ENTRADA AGREGADA--NOMBRE PERSONAL
Nombre de persona Feld, Bernard
700 1# - ENTRADA AGREGADA--NOMBRE PERSONAL
Nombre de persona García Robles, Alfonso
700 1# - ENTRADA AGREGADA--NOMBRE PERSONAL
Nombre de persona Kapitza, Sergei
700 1# - ENTRADA AGREGADA--NOMBRE PERSONAL
Nombre de persona Malecki, Ignacy
700 1# - ENTRADA AGREGADA--NOMBRE PERSONAL
Nombre de persona Oliphant, Mark
700 1# - ENTRADA AGREGADA--NOMBRE PERSONAL
Nombre de persona Röling, Bert
700 1# - ENTRADA AGREGADA--NOMBRE PERSONAL
Nombre de persona Thee, Marek
700 1# - ENTRADA AGREGADA--NOMBRE PERSONAL
Nombre de persona Ziman, John
700 1# - ENTRADA AGREGADA--NOMBRE PERSONAL
Nombre de persona Alsina, Homero
Término indicativo de función/relación traductor
942 ## - ELEMENTOS DE ENTRADA SECUNDARIOS (KOHA)
Tipo de ítem Koha Libros
998 ## - INFORMACIÓN DE CONTROL LOCAL (RLIN)
Iniciales del catalogador, CIN (RLIN) SILVI
Holdings
Estatus retirado Estado de pérdida Fuente de la clasificación o esquema de estantería Estado de daño Restricciones de uso No para préstamo Biblioteca de origen Biblioteca actual Fecha de adquisición Total de préstamos Signatura topográfica completa Código de barras Visto por última vez Precio de reemplazo Tipo de ítem Koha
    Clasificación Decimal Dewey   Acceso restringido No para préstamo Liberty Liberty 28/11/2025   327 ROT 048274 28/11/2025 28/11/2025 Libros